All Enemy Traits in Battle Cats - Statistics

General Stats
  • This quiz has been taken 61 times
  • The average score is 12 of 14
Answer Stats
Answer % Correct
Angel
100%
Red
100%
Alien
98%
Aku
96%
Black
96%
Zombie
96%
Relic
94%
Traitless
94%
Floating
91%
Metal
91%
Behemoth
72%
Sage
51%
Starred Alien
43%
Colossal
38%
No matching quizzes found
Score Distribution
Percent of People with Each Score
Percentile by Number Answered
Your Score History
You have not taken this quiz